Представление документа в формате RUSMARC

ПолеНазваниеЗначение
  Тип записи a
  Библиографический уровень m
001 Контрольный номер RU/REG73/CBS_GRAD/fc0390256f9a485198632450e032d311
005 Дата корректировки 20240131203911.5
010 Индекс ISBN __
a ISBN 5-268-00117-5
b Уточнения в пер.
d Цена 1 руб. 20 коп.
9 Тираж 30000 экз.
100 Данные общей обработки __
a Данные общей обработки 20240110d1989 d y0rusy0189## ca
101 Язык документа 0_
a Язык текста rus
102 Страна публикации __
a Страна публикации RU
105 Кодированные данные (монография) __
a Кодированные данные (монография) a z 000yy
200 Заглавие и сведения об ответственности 1_
a Заглавие Здоровье народа-богатство страны
g Последующие сведения об ответственности художник В. Н. Конюхова
g Последующие сведения об ответственности редактор Л. П. Орлова
203 Вид содержания и тип средства __
a Вид содержания Текст
b Характеристика содержания визуальное
c Тип средства непосредственный
210 Выходные данные 1_
a Место издания Москва
c Издательство Советская Россия
d Дата издания 1989
215 Физическое описание __
a Объем 160 с.
c Иллюстрации/тип воспроизводства ил.
d Формат 21 см
327 Примечание о содержании 01
a Примечание о содержании Содерж.: забота о здоровье
333 Примечание о целевом назначении __
a Примечание о целевом назначении 12+
606 Тематические рубрики 0_
a Основная рубрика Формирование здорового образа жизни человека
610 Ключевые слова 0_
a Ключевые слова здоровье; здоровый образ жизни; образ жизни
686 Индексы других классификаций __
a Классификационный индекс 51.204.0
2 Код системы rubbk
702 Вторичная интеллектуальная ответственность _1
a Фамилия Конюхов
b Имя (инициалы) В. Н.
4 Код отношения 040
702 Вторичная интеллектуальная ответственность _1
a Фамилия Орлова
b Имя (инициалы) Л. П.
4 Код отношения 340
801 Источник записи _0
a Страна RU
b Организация RuCBSGrad
c Дата составления 20240110
g Правила каталогизации RCR
801 Источник записи _1
a Страна RU
b Организация RuCBSGrad
c Дата составления 20240110
g Правила каталогизации RCR
852 Данные о местонахождении __
z Тип записи R
a Наименование организации МБУК "ЦБС г.Димитровград"
i Авторский знак З-46
m Каталогизатор Терехова
t Дата завершения обработки 20240110
901 Тип документа __
t Тип документа m
909 Создатель записи __
a Создатель записи Терехова
b Дата создания записи 20240110